| 000 | 01285cam a2200361 a 4500 | ||
|---|---|---|---|
| 001 | 4241026 | ||
| 003 | OSt | ||
| 005 | 20260221020004.0 | ||
| 008 | 830606s1984 enka b 001 0 eng | ||
| 010 | _a 83007623 | ||
| 020 | _a9780198830481 | ||
| 035 | _a4241026 | ||
| 040 |
_aDLC _cDLC _dDLC |
||
| 082 | 0 | 0 |
_a539.72101 _bCHE |
| 100 | 1 |
_aCheng, Ta-Pei. _93630 |
|
| 245 | 1 | 0 |
_aGauge theory of elementary particle physics / _cTa-Pei Cheng and Ling-Fong Li. |
| 260 |
_aNew Delhi _bOxford University Press, _c1984. |
||
| 300 |
_axi, 536 p. : _bill. ; _c25 cm. |
||
| 336 |
_atext _btxt _2rdacontent |
||
| 337 |
_aunmediated _bn _2rdamedia |
||
| 338 |
_avolume _bnc _2rdacarrier |
||
| 440 | 0 |
_aOxford science publications _92659 |
|
| 500 | _aIncludes index. | ||
| 504 | _aBibliography: p. [517]-526. | ||
| 650 | 0 |
_aGauge fields (Physics) _93631 |
|
| 650 | 0 |
_aParticles (Nuclear physics) _91097 |
|
| 700 | 1 |
_aLi, Ling-Fong. _93632 |
|
| 856 | 4 | 2 |
_3Publisher description _uhttp://www.loc.gov/catdir/enhancements/fy0603/83007623-d.html |
| 856 | 4 | 1 |
_3Table of contents only _uhttp://www.loc.gov/catdir/enhancements/fy0603/83007623-t.html |
| 906 |
_a7 _bcbc _corignew _d1 _eocip _f19 _gy-gencatlg |
||
| 942 |
_2ddc _cBK _01 |
||
| 999 |
_c1857 _d1857 |
||